000 00574nam a2200205 a 4500
001 19883
003 CO-ViMGA
008 141112s2004 ck r 000 u spa d
020 _a9682444276
040 _aCO-ViMGA
_bspa
_cCO-ViMGA
082 0 4 _a657.837 L824c
100 1 _aLuckie García, Miguel
_928853
245 1 0 _aContabilidad hotelera
260 _aMexico :
_bTrillas,
_c1999
300 _a130 p.
490 _aTrillas turismo
590 _aForma de adquisición : Premio Mincultura - - Precio : 24.700
650 1 4 _aHOTELES - CONTABILIDAD
_928854
942 _2ddc
_cBK
999 _c29007
_d29007